000 00919nam a2200145 4500
999 _c3058
_d3058
020 _a0566995409
050 _aHD8391
_b.M32
100 _aArthur Ivor Marsh; Confederation of British Industry.
245 _aEmployee relations policy and decision making :
_b a survey of manufacturing companies carried out for the Confederation of British Industry
260 _aAldershot, Hants
_bGower,
_c1982.
300 _avii, 248 p;
_c22 cm.
505 _aChapter 1. Introduction Chapter 2. The survey company Chapter 3. The staffing of employee relations Chapter 4. Boards of companies and employee relations Chapter 5. Participation, consultation and communication Chapter 6. Pay levels and determination Chapter 7. The development of formality Chapter 8. Management style in employee relations Chapter 9. Policy and decision making Chapter 10. Summary and prospects
650 _aIndustrial relations
942 _cBK